000 01111nam a22003737a 4500
001 BR2022000103
003 BR-BrBNA
005 20230928105617.0
007 ta
008 230509b bl.||||| |||| 00| 0 por d
040 _aBR-BrBNA
_bpor
_cBiblioteca Nacional de Agricultura
041 _a(Por)
072 _aF08; A50; E14
090 _ F08 BR2022000103
100 1 _aDenardin, J.E.
100 1 _aFaganello, A.
100 1 _aSanti, A.
100 1 _aKochhann, R.A.
100 1 _aMello, I.
110 1 _aMinistério da Agricultura, Pecuária e Abastecimento, Brasília, DF (Brasil)
245 1 _aSistema plantio direto
_bSeminário de Difusão do Programa ABC: Agricultura de Baixo Carbono
260 3 _aBrasília, DF (Brasil):
_c[nd].
300 _a9 p.
500 _aPublished 2010?
650 _aSISTEMA DE CULTIVO
650 _aPLANTIO DIRETO
650 _aPRÁTICA CULTURAL
650 _aADOÇÃO DE INOVAÇÕES
650 _aAGRICULTURA SUSTENTÁVEL
650 _aCOBERTURA DO SOLO
650 _aCOMPACTAÇÃO DO SOLO
909 _a202309
_bLucia
_c55
_dLucia Elande
942 _cBK
999 _c85869
_d85869